Former countries A-Z - Statistics

General Stats
  • This quiz has been taken 66 times
  • The average score is 9 of 26
Answer Stats
Letter Hint Answer % Correct
Y Balkan country that was Balkanised Yugoslavia
75%
Q Last dynasty of Imperial China Qing Dynasty
68%
P Historical German state, namesake of a shade of blue Prussia
67%
E GDR East Germany
62%
W Celtic nation, namesake for the Cambrian, Ordovician and Silurian Periods Wales
62%
O Founded by Osman I Ottoman Empire
57%
V 'Most Serene Republic' that was ruled by a Doge Venice
57%
R Trajan ruled at its greatest extent Roman Empire
50%
F Shortlived republic of Taiwan between Chinese and Japanese rule Formosa
48%
N Became Zambia Northern Rhodesia
48%
U Union between Egypt and Syria created by Nasser United Arab Republic
48%
G Kingdom of northwestern Iberia Galicia
47%
I Native American nation in upstate New York Iroquois Confederacy
33%
S The 'Lesser Satan' according to Khomeini Soviet Union
30%
K Brief empire, vassal state, and then divided in Cold War Korea
28%
T Remote country between Siberia and Mongolia, first to appoint a woman leader Tannu-Tuva
27%
M Anglo-Saxon kingdom ruled by Offa Mercia
25%
L Ancient Irish kingdom with a harp on its flag Leinster
20%
A Republic that seceded from Bolivia and was then annexed by Brazil Acre
17%
Z Pre-Columbian civiization in the Oaxaca valley Zapotec
10%
D Colony sold to the USA became the Virgin Islands Danish West Indies
8%
C Microstate between Spain and Portugal Couto Misto
7%
X Ancient nomadic confederation ruling from Kazakhstan to Manchuria Xiongnu Empire
5%
B African kingdom surrounding Lake Chad Bornu Empire
3%
H Tiny Polynesian kingdom visited by Cook Huahine
2%
J French Mandate state in southern Syria Jabal Druze
2%
No matching quizzes found
Score Distribution
Percent of People with Each Score
Percentile by Number Answered
Your Score History
You have not taken this quiz